000 00622 a2200205 4500
005 20260218115602.0
008 260218b |||||||| |||| 00| 0 eng d
020 _a9789360860424
_cरु 499.00
040 _aMAIN
082 _a891.433741
_bGS271S
100 _aगीतांजलि श्री
110 _a
245 _aसह-सा
250 _aLatest edition
260 _bराजकमल पेपरबेक्स
_c2025
_aनई दिल्ली
300 _a366
650 _aहिन्दी साहित्य
651 _aहिन्दी उपन्यास
942 _cHN
999 _c393956
_d393956